Welcome to CU Library Online Public Access Catalogue (OPAC)

Constitutional justice in Africa (Record no. 9234)

MARC details
000 -LEADER
fixed length control field 00551nam a22001577a 4500
005 - DATE AND TIME OF LATEST TRANSACTION
control field 20260416150447.0
008 - FIXED-LENGTH DATA ELEMENTS--GENERAL INFORMATION
fixed length control field 260416b |||||||| |||| 00| 0 eng d
020 ## - INTERNATIONAL STANDARD BOOK NUMBER
International Standard Book Number KRX2095
100 ## - MAIN ENTRY--PERSONAL NAME
Personal name Atudiwe P. Atupare
245 ## - TITLE STATEMENT
Title Constitutional justice in Africa
Remainder of title An examination of constitutional positivism, fundamental law and rights in Ghana and nigeria
Statement of responsibility, etc. by Atudiwe P. Atupare
260 ## - PUBLICATION, DISTRIBUTION, ETC.
Place of publication, distribution, etc. Durban
Name of publisher, distributor, etc. Lexis Nexis
Date of publication, distribution, etc. c2013
300 ## - PHYSICAL DESCRIPTION
Extent xix,266p,
500 ## - GENERAL NOTE
General note includes bibliographical references
700 ## - ADDED ENTRY--PERSONAL NAME
Personal name Atudiwe P. Atupare
Relator term Author
942 ## - ADDED ENTRY ELEMENTS (KOHA)
Source of classification or shelving scheme Library of Congress Classification
Koha item type Books
Suppress in OPAC No
999 ## -
-- 9234
-- 9234
Holdings
Withdrawn status Lost status Source of classification or shelving scheme Damaged status Not for loan Collection Home library Current library Shelving location Date acquired Total checkouts Full call number Barcode Date last seen Price effective from Koha item type
    Library of Congress Classification     Non-fiction Law Library (Kumasi) Law Library (Kumasi) General stacks 04/16/2026   KRX 2095 ATU llk00000176 04/16/2026 04/16/2026 Books
© 2023-2024 Copyright: Central University Libraries. All Rights Reserved | Created by: Mahone Tech Office